| 000 | 01276nam a22002777a 4500 | ||
|---|---|---|---|
| 999 |
_c503 _d503 |
||
| 003 | AR-BaISA | ||
| 005 | 20190325121413.0 | ||
| 007 | ta | ||
| 008 | 180807s2004 ag ad||| |||| 00| 0 spa d | ||
| 020 | _a9789505312032 | ||
| 020 | _a9505312032 | ||
| 040 | _cAR-BaISA | ||
| 082 | 0 | 4 |
_222 _a613.71 M478 |
| 100 | 1 | 0 |
_91243 _aMeinel, Kurt _eaut. |
| 245 | 1 | 0 |
_aTeoría del movimiento: _bmotricidad deportiva / _cKurt Meinel y Günter Schnabel |
| 250 | _a2ª ed. | ||
| 260 |
_aBuenos Aires: _bStadium, _c2004 |
||
| 300 |
_a480 p.: _bil., graf. |
||
| 504 | _aBibliografía al final de cada capítulo | ||
| 505 |
_tLa importancia de la motricidad para el desarrollo y la formación del ser humano -- _tLa coordinación de movimientos como regulación de la actividad motora -- _tCaracterísticas generales del movimiento como expresión de la coordinación motora -- _tEl aprendizaje motor en el deporte -- _tLas cualidades coordinativas y la destreza motora -- _tEl desarrollo motor del ser humano desde el nacimiento hasta la vejez (síntesis) -- _tEl test deportivo- motor como método de control e investigación |
||
| 650 | 1 | 4 |
_9881 _aMovimiento |
| 650 | 1 | 4 |
_980 _aDeportes |
| 650 | 1 | 4 |
_9529 _aActividad física |
| 700 | 1 |
_91244 _aSchnabel, Günter _eaut. |
|
| 942 |
_2ddc _cLI |
||